Normal view
MARC view
- Nadvi, Shah Moein Uddin Ahmad Shah Moein Uddin Ahmad Nadvi
Entry Personal Name
001 - CONTROL NUMBER
- control field: 79159
003 - CONTROL NUMBER IDENTIFIER
- control field: NUST
005 - DATE AND TIME OF LATEST TRANSACTION
- control field: 20210628210401.0
008 - FIXED-LENGTH DATA ELEMENTS
- fixed length control field: 210628|| aca||aabn | a|a d
040 ## - CATALOGING SOURCE
- Original cataloging agency: NUST
- Transcribing agency: NUST
100 ## - HEADING--PERSONAL NAME
- Personal name: Nadvi, Shah Moein Uddin Ahmad Shah Moein Uddin Ahmad Nadvi
670 ## - SOURCE DATA FOUND
- Source citation: Work cat.: (NUST): Nadvi, Shah Moein Uddin Ahmad Shah Moein Uddin Ahmad Nadvi, Tareekh-e-islam, 1996
